| 000 | 00342nam a2200097Ia 4500 | ||
|---|---|---|---|
| 008 | 220120s9999||||xx |||||||||||||| ||und|| | ||
| 100 |
_aKarthik M M and others _912524 |
||
| 245 | 3 | _aAn intelligent road traffic clearance systems for emargence | |
| 260 |
_aCoorg Institute of Technology _bPonnampet _c2009 |
||
| 650 | _aELECTRONICS AND COMMUNICATIONS | ||
| 999 |
_c138122 _d138122 |
||